|
|
|
|
| LEADER |
00000nam a2200000 i 4500 |
| 001 |
DIGUCAUCA0031 |
| 003 |
NyNyDIG |
| 006 |
m o d |
| 008 |
201107s2018 ck a ob 001 0 spa d |
| 007 |
cr ||||||||||| |
| 035 |
|
|
|a (OCoLC)1204223989
|
| 040 |
|
|
|a DGITA
|b eng
|e rda
|e pn
|c DGITA
|
| 020 |
|
|
|z 9789587323191
|
| 020 |
|
|
|z 958732319X
|
| 043 |
|
|
|a s-ck---
|
| 050 |
1 |
4 |
|a F2270.2.P3 ebook
|
| 082 |
0 |
4 |
|a 986.153004982
|
| 100 |
1 |
|
|a Portela Guarín, Hugo,
|e author.
|
| 245 |
1 |
3 |
|a El arco, el cuerpo y la seña :
|b cosmovisiones de la salud en la cultura nasa /
|c Grupo de Investigación ANTROPOS, Hugo Portela Guarín, Sandra Carolina Portela García.
|
| 264 |
|
1 |
|a Popayán, Colombia :
|b Editorial UC, Editorial Universidad del Cauca,
|c [2018]
|
| 300 |
|
|
|a 1 online resource. :
|b illustrations (some color)
|
| 336 |
|
|
|a text
|b txt
|2 rdacontent
|
| 337 |
|
|
|a computer
|b c
|2 rdamedia
|
| 338 |
|
|
|a online resource
|b cr
|2 rdacarrier
|
| 347 |
|
|
|a text file
|2 rdaft
|
| 347 |
|
|
|b PDF
|
| 504 |
|
|
|a Includes bibliographical references and index.
|
| 588 |
0 |
|
|a Online resource; title from PDF title page (Digitalia, viewed November 9, 2020)
|
| 650 |
|
0 |
|a Paez Indians
|x Medicine.
|
| 650 |
|
0 |
|a Traditional medicine
|z Colombia
|z Cauca (Department)
|
| 650 |
|
0 |
|a Medical anthropology
|z Colombia
|z Cauca (Department)
|
| 650 |
|
0 |
|a Paez Indians
|x Social life and customs.
|
| 655 |
|
0 |
|a Electronic books.
|
| 700 |
1 |
|
|a Portela García, Sandra Carolina,
|e author.
|
| 710 |
2 |
|
|a Universidad del Cauca.
|b Grupo de Investigación ANTROPOS.
|
| 791 |
2 |
|
|a Digitalia (Firm),
|e distributor.
|
| 793 |
0 |
|
|g Digitalia eBook Collection:
|a Editorial Universidad del Cauca
|
| 776 |
0 |
8 |
|i Print version:
|a Portela Guarín, Hugo.
|t Arco, el cuerpo y la seña.
|b Primera edición en español.
|d Popayán, Colombia : Editorial UC, Editorial Universidad del Cauca, junio de 2018
|z 9789587323191
|w (OCoLC)1091904688
|
| 856 |
4 |
0 |
|3 Digitalia Hispánica
|u https://www.digitaliapublishing.com/a/60619/
|
| 910 |
|
|
|a Premium collection: 2020
|